000 00831cam a2200289 4500
008 090401t1995 xxu||||| |||| 00| 0 eng d
020 _a1874266204
035 _a(Sirsi) u245
041 _aeng
050 _a693.854
110 _aInstitution of Structural Engineers
_9441
245 4 _aThe structural engineer`s response to explosion damage.
260 _aLondon
_bInstitution of Structural Engineers
_c1995
300 _a23p. : ill. ; 30cm.
350 _a28.75
650 _aBLAST DAMAGE
650 _aBOMB DAMAGE
650 _aBUILT ENVIRONMENT-CONSTRUCTION DESIGN
650 _aEXPLOSIONS
650 _aSTRUCTURAL DAMAGE
650 _aSTRUCTURAL ENGINEERING
650 _aSTRUCTURAL SURVEYS
650 _aTERRORISM
690 _aBUILT ENVIRONMENT-BUILDING PATHOLOGY
942 _n0
948 _c04/03/1997
999 _c85503
_d85503